Egyre nő Szeged idegenforgalmi vonzása ünnepség az IBUSZ szegedi hivatalában /
Elmentve itt :
| Szerző: | |
|---|---|
| Dokumentumtípus: | Cikk |
| Megjelent: |
1966-08-07
|
| Sorozat: | Délmagyarország
56 No. 186 |
| Kulcsszavak: | Szabadtéri Játékok, Idegenforgalom Szeged 1966 |
| Online Access: | http://dmarchiv.bibl.u-szeged.hu/78067 |
| LEADER | 00540nab a2200157 i 4500 | ||
|---|---|---|---|
| 001 | delm78067 | ||
| 005 | 20180928084326.0 | ||
| 008 | 180928s1966 hu o 0|| hun d | ||
| 040 | |a SZTE Délmagyarország Archívum |b hun | ||
| 041 | |a hun | ||
| 100 | 1 | |a Enyedi Zoltán | |
| 245 | 1 | 0 | |a Egyre nő Szeged idegenforgalmi vonzása |h [elektronikus dokumentum] : |b ünnepség az IBUSZ szegedi hivatalában / |c Enyedi Zoltán |
| 260 | |c 1966-08-07 | ||
| 300 | |a 4 | ||
| 490 | 0 | |a Délmagyarország |v 56 No. 186 | |
| 695 | |a Szabadtéri Játékok, Idegenforgalom Szeged 1966 | ||